000 00793nam a2200241 a 4500
001 40858
003 BD-RjUL
005 20211209053304.0
008 160511r19741966e ||||| b||| 001 0 eng d
035 _a(BD-RjUL) 40973
040 _aBD-RjUL
_beng
_cBD-RjUL
041 _aeng
082 _223
_a306.09
_bMOS 1974
100 _aMoore, Barrington
_9125740
245 1 0 _aSocial origins of dictatorship and democracy :
_blord and peasant in the making of the modern world /
_cBarrington Moore
260 _aGreat Britain :
_bPenguin University Books,
_c1966 [Reprinted 1974]
300 _axvi, 559 p. ;
_c20 cm.
504 _aIncludes bibliography and index.
650 _aSocial history
_9125741
650 _aEconomic history
_9125742
650 _aRevolutions
_9125743
942 _2ddc
_cBK
999 _c40858
_d40858